| 000 | 00379nam a2200145Ia 4500 | ||
|---|---|---|---|
| 008 | 230917s9999||||xx |||||||||||||| ||und|| | ||
| 040 |
_e40124 _aMAIN |
||
| 041 | _aEnglish | ||
| 082 | _a823.09 C319S | ||
| 100 | _aCazamian, Louis | ||
| 245 | 0 | _aSocial novel in England, 1830-1850: Dickens Disraeli | |
| 260 |
_aLondon _bRoutledge _c1973 |
||
| 300 | _axii, 369 p. | ||
| 942 | _cBK | ||
| 999 |
_c142229 _d142229 |
||